Marketing new industrial products

Сохранить в:
Библиографические подробности
Главный автор: Baker, Michael J.
Формат:
Язык:Undetermined
Опубликовано: London The MacMillan Press 1975
Предметы:
Метки: Добавить метку
Нет меток, Требуется 1-ая метка записи!
Thư viện lưu trữ: Trung tâm Học liệu Trường Đại học Cần Thơ
LEADER 00459nam a2200169Ia 4500
001 CTU_78408
008 210402s9999 xx 000 0 und d
082 |a 658.8 
082 |b B167 
100 |a Baker, Michael J. 
245 0 |a Marketing new industrial products 
245 0 |c Michael J. Baker 
260 |a London 
260 |b The MacMillan Press 
260 |c 1975 
650 |a Product management 
980 |a Trung tâm Học liệu Trường Đại học Cần Thơ